| 000 | 004470000a22001690004500 | ||
|---|---|---|---|
| 003 | MACL | ||
| 005 | 20151230143315.0 | ||
| 008 | 151230b xxu||||| |||| 00| 0 eng d | ||
| 040 |
_aMACL _cMACL |
||
| 041 | _aEnglish | ||
| 082 | _a320.73/MUN | ||
| 100 |
_aMunro, William Bennett _924941 |
||
| 245 | _aThe Government of the United States | ||
| 260 |
_bThe Macmillan Co. _c1959 |
||
| 650 |
_aPolitical Science _924942 |
||
| 942 |
_cBK _k320.73/mun _2ddc |
||
| 999 |
_c36152 _d36152 |
||